Безотборные методы определения дисперсности высокотемпературных аэрозольных потоков

Detalhes bibliográficos
Autor Corporativo: Институт экологических проблем и здоровья
Outros Autores: Мышкин В. Ф. Вячеслав Фёдорович, Хан В. А. Валерий Алексеевич, Кемельбеков Б. Ж., Баландин С. Ф.
Resumo:Деп. в ВИНИТИ 18.12.98, № 3779-В98
В фонде НТБ ТПУ отсутствует
Idioma:russo
Publicado em: Томск, 1998
Assuntos:
Formato: Livro
KOHA link:https://koha.lib.tpu.ru/cgi-bin/koha/opac-detail.pl?biblionumber=600336

MARC

LEADER 00000nam0a2200000 4500
001 600336
005 20240129103827.0
029 4 0 |a SU  |b 3779-В98  |f ВИНИТИ 
035 |a (RuTPU)RU\TPU\tpu\24736 
035 |a RU\TPU\tpu\24735 
090 |a 600336 
100 |a 20140318j19981218k y0rusy50 ca 
101 0 |a rus 
102 |a RU 
105 |a y z 000zy 
200 1 |a Безотборные методы определения дисперсности высокотемпературных аэрозольных потоков  |f В. Ф. Мышкин [и др.]  |g Институт экологических проблем и здоровья 
210 |a Томск  |d 1998 
215 |a 15 с.  |c ил. 
300 |a Деп. в ВИНИТИ 18.12.98, № 3779-В98 
320 |a Библиогр.: 12 назв. 
333 |a В фонде НТБ ТПУ отсутствует 
610 1 |a труды учёных ТПУ 
610 1 |a депонированные рукописи 
701 1 |a Мышкин  |b В. Ф.  |c физик  |c профессор Томского политехнического университета, доктор физико-математических наук  |f 1962-  |g Вячеслав Фёдорович  |3 (RuTPU)RU\TPU\pers\26858  |9 12476 
701 1 |a Хан  |b В. А.  |c физик  |c доцент Томского политехнического университета, доктор технических наук  |f 1952-  |g Валерий Алексеевич  |3 (RuTPU)RU\TPU\pers\31144  |9 15340 
701 1 |a Кемельбеков  |b Б. Ж. 
701 1 |a Баландин  |b С. Ф. 
712 0 2 |a Институт экологических проблем и здоровья  |c Томск 
801 1 |a RU  |b 63413507  |c 20120220 
801 2 |a RU  |b 63413507  |c 20140319  |g RCR 
942 |c BK